00571nam a22001817a 450000500170000001000120001702000260002903700080005508200140006310000210007724501010009825000060019926000450020527000670025030000200031770000250033770000270036220260305103743.0 aBACEN26 a9789361036026c499.00 aBWP 21a006.35 aPulari, Sini Raj aNatural Language Processsing/cby Sini Raj Pulari, Umadevi Maramreddy {and} Shriram K. Vasudevan a1 aNew DelhibOxford University Pressc2025 a22 Workspace, 2nd Floor, 1/22 asaf Ali RoadbNew Delhie110002 a244p.c25cm(Pb) aMaramreddy, Umadevi  aVasudevan, Shriram K.